[Event "British Chess Championships 2023: PM Tournament U1450"]
[Site "The Venue, De Montfort University, 20 Western Boulevard, Leicester, LE2 7BU"]
[Date "2023.07.24"]
[Round "1"]
[Board "1"]
[White "Walsh, Shaun"]
[Black "Dunne, David C"]
[Result "0-1"]
[WhiteElo "1323"]
[BlackElo "1448"]
[PlyCount "74"]
[EventDate "2023.07.24"]
[EventRounds "6"]
[EventCountry "ENG"]

1. e4 g6 2. d4 d6 3. Nc3 Bg7 4. f4 c6 5. Nf3 Nf6 6. Bd3 O-O 7. Be3 Nbd7 8. Qd2 Ng4
9. Bg1 b5 10. h3 Ngf6 11. Be3 Bb7 12. f5 b4 13. Ne2 c5 14. Bh6 Nxe4 15. Bxe4 Bxe4
16. Bxg7 Kxg7 17. dxc5 Nxc5 18. Qxb4 Bxf5 19. O-O-O Ne4 20. Qd4+ f6 21. g4 e5 22.
Qe3 Qb6 23. Qxb6 axb6 24. gxf5 Rxa2 25. c3 Nf2 26. Rhf1 Nxd1 27. Rxd1 Ra1+ 28. Kc2
Rxd1 29. Kxd1 gxf5 30. Nh4 f4 31. Nf5+ Kg6 32. Nh4+ Kh5 33. Nf3 Ra8 34. Kc2 Ra1 35.
Kb3 Rf1 36. Nfg1 Kh4 37. Kc2 f3  0-1

[Event "British Chess Championships 2023: PM Tournament U1450"]
[Site "The Venue, De Montfort University, 20 Western Boulevard, Leicester, LE2 7BU"]
[Date "2023.07.24"]
[Round "1"]
[Board "2"]
[White "Kelly, Martin"]
[Black "Cox, R David"]
[Result "1-0"]
[WhiteElo "1429"]
[BlackElo "1319"]
[PlyCount "123"]
[EventDate "2023.07.24"]
[EventRounds "6"]
[EventCountry "ENG"]

1. e4 c5 2. Nf3 d6 3. d4 cxd4 4. Nxd4 Nf6 5. Nc3 g6 6. Be3 Bg7 7. Bc4 O-O 8. f3 Nc6
9. Qd2 Bd7 10. O-O-O Rc8 11. Bb3 Qa5 12. Nd5 Qxd2+ 13. Rxd2 Rfe8 14. Kb1 b6 15. g4
Na5 16. h4 Nxb3 17. Nxb3 Nxg4 18. fxg4 Bxg4 19. Bd4 f6 20. Bc3 h5 21. Ne3 Bf3 22.
Rg1 Bxe4 23. Nd4 Kf7 24. Nf1 d5 25. Ng3 e5 26. Nxe4 dxe4 27. Nb5 Bf8 28. Rd7+ Ke6
29. Rxa7 Kf5 30. Rd7 Rc6 31. Na7 Rd6 32. Rxd6 Bxd6 33. Nb5 Re6 34. Nxd6+ Rxd6 35.
Kc1 g5 36. hxg5 fxg5 37. Rf1+ Ke6 38. Bd2 Kd5 39. Bxg5 Rg6 40. Rd1+ Kc6 41. Be7 b5
42. Rf1 Kd5 43. Rh1 Rh6 44. b3 Rh7 45. Bd8 Ke6 46. a4 bxa4 47. bxa4 Kf5 48. a5 Kg4
49. Bb6 Kf3 50. Rh4 e3 51. Rh3+ Kg4 52. Rxe3 Kf4 53. a6 h4 54. a7 Rh8 55. Ra3 Ra8
56. Bf2 Kg4 57. Ra4+ Kf3 58. Bxh4 e4 59. Kd1 e3 60. Ra3 Ke4 61. Bg5 Rd8+ 62. Bxd8
 1-0

[Event "British Chess Championships 2023: PM Tournament U1450"]
[Site "The Venue, De Montfort University, 20 Western Boulevard, Leicester, LE2 7BU"]
[Date "2023.07.24"]
[Round "1"]
[Board "3"]
[White "Finlay, Liam"]
[Black "Revitt, Ian"]
[Result "1-0"]
[WhiteElo "1256"]
[BlackElo "1417"]
[PlyCount "33"]
[EventDate "2023.07.24"]
[EventRounds "6"]
[EventCountry "ENG"]

1. e4 c5 2. Nf3 Nc6 3. c3 e6 4. d4 cxd4 5. cxd4 a6 6. Nc3 b5 7. e5 Bb4 8. Bd3 Bb7
9. Be3 Nge7 10. a3 Bxc3+ 11. bxc3 Nd5 12. Bd2 Rb8 13. Ng5 h6 14. Qh5 Qe7 15. Nxf7
Rf8 16. Nxh6+ Kd8 17. Bg5  1-0

[Event "British Chess Championships 2023: PM Tournament U1450"]
[Site "The Venue, De Montfort University, 20 Western Boulevard, Leicester, LE2 7BU"]
[Date "2023.07.24"]
[Round "1"]
[Board "4"]
[White "Miles, Barry S"]
[Black "Singh, Avyanna"]
[Result "0-1"]
[WhiteElo "1407"]
[BlackElo "1246"]
[PlyCount "86"]
[EventDate "2023.07.24"]
[EventRounds "6"]
[EventCountry "ENG"]

1. d4 d5 2. c4 e6 3. Nc3 Nf6 4. Nf3 h6 5. a3 Nbd7 6. Qc2 c5 7. e3 Bd6 8. Bd3 dxc4
9. Bxc4 O-O 10. O-O Qc7 11. h3 cxd4 12. Nb5 Qb8 13. Nfxd4 Bh2+ 14. Kh1 a6 15. Nc3
e5 16. Nf3 b5 17. Bd3 e4 18. Nxe4 Bc7 19. b4 Bb7 20. Bb2 Nd5 21. Rac1 Ne5 22. Nxe5
Bxe5 23. Bxe5 Qxe5 24. Nc5 Bc6 25. Be4 Rac8 26. Qd3 Rfd8 27. Qb3 a5 28. Bxd5 Bxd5
29. Qc3 Qc7 30. Rfd1 a4 31. e4 Bxe4 32. Rxd8+ Qxd8 33. Qe3 Bg6 34. Kg1 Qf6 35. Qe2
Qc6 36. f3 Re8 37. Qd2 Qb6 38. Kh1 Rd8 39. Qe2 Qc6 40. Qe1 Qf6 41. Qc3 Rd1+ 42. Kh2
Qf4+ 43. g3 Qxc1  0-1

[Event "British Chess Championships 2023: PM Tournament U1450"]
[Site "The Venue, De Montfort University, 20 Western Boulevard, Leicester, LE2 7BU"]
[Date "2023.07.24"]
[Round "1"]
[Board "5"]
[White "Vyas, Rayaan"]
[Black "Brown, Stephanie"]
[Result "1-0"]
[WhiteElo "1213"]
[BlackElo "1406"]
[PlyCount "73"]
[EventDate "2023.07.24"]
[EventRounds "6"]
[EventCountry "ENG"]

1. e4 e6 2. d4 d5 3. Nc3 Nf6 4. Bd3 c5 5. Bb5+ Nc6 6. Bg5 Be7 7. dxc5 dxe4 8. Bxf6
Bxf6 9. Qxd8+ Kxd8 10. O-O-O+ Ke7 11. Nxe4 a6 12. Ba4 Nb4 13. a3 Nd5 14. Nxf6 Nxf6
15. f3 Bd7 16. Bxd7 Nxd7 17. b4 a5 18. Ne2 axb4 19. axb4 Ra4 20. c3 Ne5 21. Kb2 Rha8
22. Kc1 Nd3+ 23. Rxd3 Ra1+ 24. Kc2 Rxh1 25. Nd4 Rxh2 26. c6 Rxg2+ 27. Kb3 bxc6 28.
Nxc6+ Ke8 29. b5 Rga2 30. Kc4 R2a4+ 31. Kc5 Rc8 32. Kb6 Raa8 33. Kb7 h5 34. Rd4 f6
35. f4 Kf7 36. Rd7+ Kg6 37. Ne7+  1-0

[Event "British Chess Championships 2023: PM Tournament U1450"]
[Site "The Venue, De Montfort University, 20 Western Boulevard, Leicester, LE2 7BU"]
[Date "2023.07.24"]
[Round "1"]
[Board "7"]
[White "Fong, Po-Yu"]
[Black "Hodges, John"]
[Result "0-1"]
[WhiteElo "1066"]
[BlackElo "1352"]
[PlyCount "66"]
[EventDate "2023.07.24"]
[EventRounds "6"]
[EventCountry "ENG"]

1. e4 b6 2. Nf3 Bb7 3. Bb5 Bxe4 4. O-O Bb7 5. Re1 e6 6. d4 Be7 7. c4 Nf6 8. Nc3 c6
9. Ba4 O-O 10. Qd3 d5 11. cxd5 cxd5 12. b4 Bxb4 13. Bd2 a6 14. Bc2 Nbd7 15. Re3 Rc8
16. Ne5 Bxc3 17. Bxc3 Re8 18. Rh3 Nf8 19. Re1 Ne4 20. Rxe4 dxe4 21. Qxe4 Bxe4 22.
Bxe4 f5 23. Bf3 Rxc3 24. g3 Rxf3 25. Nxf3 Qd5 26. Kg2 Rc8 27. Rh4 Rc3 28. Rf4 g5
29. h4 gxf4 30. gxf4 Qxf3+ 31. Kf1 Rc2 32. Kg1 Qxf2+ 33. Kh1 Qg2#  0-1

[Event "British Chess Championships 2023: PM Tournament U1450"]
[Site "The Venue, De Montfort University, 20 Western Boulevard, Leicester, LE2 7BU"]
[Date "2023.07.25"]
[Round "2"]
[Board "1"]
[White "Dunne, David C"]
[Black "Finlay, Liam"]
[Result "0-1"]
[WhiteElo "1448"]
[BlackElo "1256"]
[PlyCount "38"]
[EventDate "2023.07.24"]
[EventRounds "6"]
[EventCountry "ENG"]

1. e4 c5 2. Nf3 d6 3. d4 cxd4 4. Nxd4 Nf6 5. Nc3 g6 6. Be3 Bg7 7. f3 O-O 8. Bc4 Nc6
9. Qd2 Bd7 10. O-O-O Rc8 11. Bb3 Nxd4 12. Bxd4 b5 13. Bxa7 b4 14. Nd5 Nxd5 15. Bxd5
Ba4 16. b3 Qc7 17. Qf2 Qc3 18. Bd4 Bxd4 19. Qxd4 Qxc2#  0-1

[Event "British Chess Championships 2023: PM Tournament U1450"]
[Site "The Venue, De Montfort University, 20 Western Boulevard, Leicester, LE2 7BU"]
[Date "2023.07.25"]
[Round "2"]
[Board "2"]
[White "Walker, Heather Enid"]
[Black "Kelly, Martin"]
[Result "0-1"]
[WhiteElo "1213"]
[BlackElo "1429"]
[PlyCount "52"]
[EventDate "2023.07.24"]
[EventRounds "6"]
[EventCountry "ENG"]

1. Nf3 Nf6 2. d4 g6 3. Bf4 d5 4. e3 Bg7 5. c4 O-O 6. Nc3 Re8 7. Bd3 c6 8. O-O Nh5
9. Bg3 Nxg3 10. hxg3 e5 11. dxe5 Bxe5 12. Nxe5 Rxe5 13. Qc2 Na6 14. a3 Nc7 15. Rad1
Qe8 16. Rde1 Bf5 17. Nd1 Bxd3 18. Qxd3 Rd8 19. f4 Re4 20. Nc3 Re7 21. b4 dxc4 22.
Qxc4 Rxe3 23. Kf2 Rd2+ 24. Re2 Rxc3 25. Qxc3 Qxe2+ 26. Kg1 Qxg2#  0-1

[Event "British Chess Championships 2023: PM Tournament U1450"]
[Site "The Venue, De Montfort University, 20 Western Boulevard, Leicester, LE2 7BU"]
[Date "2023.07.25"]
[Round "2"]
[Board "3"]
[White "Hodges, John"]
[Black "Belur, Ashwin"]
[Result "1/2-1/2"]
[WhiteElo "1352"]
[BlackElo "992"]
[PlyCount "72"]
[EventDate "2023.07.24"]
[EventRounds "6"]
[EventCountry "ENG"]

1. d4 d6 2. Nf3 Nd7 3. e3 e5 4. c3 Be7 5. Nbd2 Ngf6 6. Qc2 O-O 7. Bd3 g6 8. O-O b6
9. dxe5 dxe5 10. Rd1 Nc5 11. Be2 Bd6 12. Nc4 Qe7 13. Nxd6 cxd6 14. Nd2 Ba6 15. Bxa6
Nxa6 16. Ne4 Nxe4 17. Qxe4 Nc5 18. Qc2 Rad8 19. b4 Ne6 20. Bb2 Rd7 21. a4 a5 22.
b5 Rc8 23. Rd2 Rc4 24. Rad1 Nc5 25. Ba3 Nb7 26. Qb3 Rc8 27. h3 Rcd8 28. Qc2 Qe6 29.
Rd5 e4 30. c4 f5 31. Bb2 Kf7 32. Qc3 Ke7 33. Qg7+ Qf7 34. Qh6 Ke6 35. Qg5 Qe7 36.
Qf4 Nc5  1/2-1/2

[Event "British Chess Championships 2023: PM Tournament U1450"]
[Site "The Venue, De Montfort University, 20 Western Boulevard, Leicester, LE2 7BU"]
[Date "2023.07.25"]
[Round "2"]
[Board "4"]
[White "Kapitanski, Ivan"]
[Black "Vyas, Rayaan"]
[Result "0-1"]
[WhiteElo "1380"]
[BlackElo "1213"]
[PlyCount "78"]
[EventDate "2023.07.24"]
[EventRounds "6"]
[EventCountry "ENG"]

1. e4 c5 2. Nf3 d6 3. c3 Nf6 4. e5 dxe5 5. Nxe5 Nbd7 6. Bb5 a6 7. Qb3 e6 8. Bxd7+
Nxd7 9. d4 cxd4 10. cxd4 Nxe5 11. dxe5 Qa5+ 12. Qc3 Bb4 13. O-O Bxc3 14. Nxc3 Qxe5
15. Be3 O-O 16. Rad1 b5 17. Rfe1 Qc7 18. Ne4 Bb7 19. Rc1 Qe5 20. Nc5 Qd5 21. f3 Rfd8
22. b4 a5 23. a3 a4 24. Ne4 Rac8 25. Bc5 Qd3 26. Nc3 Bc6 27. Re3 Qg6 28. Ne2 Rd7
29. Nd4 Qf6 30. Ne2 Rcd8 31. h3 Rd1+ 32. Rxd1 Rxd1+ 33. Kh2 Qa1 34. Ng3 Qb2 35. Re2
Rd2 36. Rxd2 Qxd2 37. Kg1 Qc1+ 38. Kf2 Qxa3 39. Ne2 Qb2  0-1

[Event "British Chess Championships 2023: PM Tournament U1450"]
[Site "The Venue, De Montfort University, 20 Western Boulevard, Leicester, LE2 7BU"]
[Date "2023.07.25"]
[Round "2"]
[Board "5"]
[White "Revitt, Ian"]
[Black "Walsh, Shaun"]
[Result "1/2-1/2"]
[WhiteElo "1417"]
[BlackElo "1323"]
[PlyCount "63"]
[EventDate "2023.07.24"]
[EventRounds "6"]
[EventCountry "ENG"]

1. e4 e6 2. Nf3 d5 3. exd5 exd5 4. d4 c6 5. Bd3 Bd6 6. O-O Ne7 7. a3 O-O 8. Bg5 Bg4
9. Bh4 Qc7 10. Bg3 Nd7 11. Bxh7+ Kxh7 12. Ng5+ Kg8 13. Qxg4 Nf6 14. Bxd6 Qxd6 15.
Qh3 Rfe8 16. Nd2 Ng6 17. g3 Qc7 18. Qg2 Re2 19. Ngf3 Rae8 20. Rfe1 Rxe1+ 21. Rxe1
Qb6 22. Nb3 a5 23. Rxe8+ Nxe8 24. Qh3 a4 25. Nc5 Qxb2 26. Nd7 Qxc2 27. Nde5 Nxe5
28. dxe5 Qd1+ 29. Kg2 Qd3 30. Qd7 Kf8 31. Qxb7 Qg6 32. Qb4+  1/2-1/2

[Event "British Chess Championships 2023: PM Tournament U1450"]
[Site "The Venue, De Montfort University, 20 Western Boulevard, Leicester, LE2 7BU"]
[Date "2023.07.25"]
[Round "2"]
[Board "6"]
[White "Cox, R David"]
[Black "Miles, Barry S"]
[Result "0-1"]
[WhiteElo "1319"]
[BlackElo "1407"]
[PlyCount "134"]
[EventDate "2023.07.24"]
[EventRounds "6"]
[EventCountry "ENG"]

1. e4 c5 2. d4 cxd4 3. c3 dxc3 4. Nxc3 Nc6 5. Nf3 e6 6. Bc4 a6 7. O-O Qc7 8. Qe2
d6 9. Rd1 Be7 10. Bf4 b5 11. Bb3 Bb7 12. Rac1 Rd8 13. Nd5 Qb8 14. Nxe7 Ngxe7 15.
Bxe6 fxe6 16. Ng5 e5 17. Ne6 exf4 18. Nxg7+ Kd7 19. Qg4+ Kc7 20. Ne6+ Kb6 21. Qxf4
Ka7 22. Ra1 d5 23. Qe3+ d4 24. Qa3 Rd6 25. Nxd4 b4 26. Nxc6+ Rxc6 27. Qe3+ Ka8 28.
Rd3 Rd8 29. Rb3 Rcd6 30. g3 Rd1+ 31. Rxd1 Rxd1+ 32. Kg2 Qe5 33. Rxb4 Nc6 34. Rb6
Qd4 35. Kf3 Qxe3+ 36. Kxe3 Ka7 37. Rb3 Ne5 38. Kf4 Nd7 39. f3 Nc5 40. Rc3 Kb6 41.
b4 Nd3+ 42. Kg5 Nxb4 43. Rb3 Kc5 44. a3 a5 45. axb4+ axb4 46. Rb2 Kc4 47. e5 Kc3
48. Rxb4 Kxb4 49. f4 Be4 50. e6 Rd8 51. f5 Rg8+ 52. Kf4 Bc6 53. g4 Kc5 54. e7 Kd6
55. f6 Be8 56. g5 Ke6 57. h4 Kf7 58. Kf5 Bd7+ 59. Kf4 Kg6 60. Ke5 Kf7 61. Kf4 Be8
62. Kf5 Bd7+ 63. Kf4 Rc8 64. Kg3 Rc4 65. h5 Rg4+ 66. Kf3 Rxg5 67. Ke4 Rxh5  0-1

[Event "British Chess Championships 2023: PM Tournament U1450"]
[Site "The Venue, De Montfort University, 20 Western Boulevard, Leicester, LE2 7BU"]
[Date "2023.07.25"]
[Round "2"]
[Board "7"]
[White "Brown, Stephanie"]
[Black "Fong, Po-Yu"]
[Result "1-0"]
[WhiteElo "1406"]
[BlackElo "1066"]
[PlyCount "133"]
[EventDate "2023.07.24"]
[EventRounds "6"]
[EventCountry "ENG"]

1. d4 d5 2. c4 c6 3. Nc3 Bf5 4. Nf3 f6 5. cxd5 e6 6. e4 Bg6 7. dxe6 Be7 8. Qb3 Qc7
9. Be2 Na6 10. a3 Qb6 11. Qxb6 axb6 12. Bf4 Nh6 13. Bxh6 gxh6 14. Rd1 Bh5 15. O-O
Nc7 16. d5 O-O-O 17. dxc6 bxc6 18. Nd4 Bxe2 19. Ncxe2 Rd6 20. Nf4 Rhd8 21. Nxc6 Rxd1
22. Nxd8 Rxd8 23. Rc1 Kb7 24. g4 Rd2 25. b4 Ra2 26. Rd1 Rxa3 27. Rd7 Bxb4 28. e7
Bxe7 29. Rxe7 Ra4 30. Nd5 b5 31. Rxc7+ Kb8 32. Rc5 Rxe4 33. Rxb5+ Kc8 34. Nxf6 Rf4
35. Nxh7 Rxg4+ 36. Kf1 Kc7 37. Nf6 Rg6 38. Rf5 Kd6 39. Nh5 Rg4 40. Rf6+ Ke5 41. Rxh6
Ra4 42. Ng3 Ra2 43. h4 Kf4 44. Rf6+ Kg4 45. Kg2 Kxh4 46. Rf4+ Kg5 47. Rc4 Kf6 48.
Ne4+ Ke6 49. Kg3 Kf5 50. Nc3 Rc2 51. Kf3 Ke5 52. Ke3 Kd6 53. Ne4+ Ke5 54. Rxc2 Kf5
55. f3 Ke5 56. Rc5+ Ke6 57. Ra5 Kf7 58. Ra6 Ke7 59. Kf4 Kd7 60. Ke5 Kc7 61. Kd5 Kb7
62. Rh6 Kc7 63. Rg6 Kd7 64. Rg7+ Ke8 65. Ke6 Kf8 66. Ra7 Ke8 67. Ra8#  1-0

[Event "British Chess Championships 2023: PM Tournament U1450"]
[Site "The Venue, De Montfort University, 20 Western Boulevard, Leicester, LE2 7BU"]
[Date "2023.07.26"]
[Round "3"]
[Board "1"]
[White "Kelly, Martin"]
[Black "Vyas, Rayaan"]
[Result "1/2-1/2"]
[WhiteElo "1429"]
[BlackElo "1213"]
[PlyCount "68"]
[EventDate "2023.07.24"]
[EventRounds "6"]
[EventCountry "ENG"]

1. e4 c5 2. Nf3 d6 3. d4 cxd4 4. Nxd4 Nf6 5. Nc3 g6 6. Be3 Bg7 7. Bc4 Nc6 8. f3 Bd7
9. Qd2 O-O 10. O-O-O Rc8 11. Be2 a6 12. a4 Qa5 13. Nb3 Qc7 14. Bh6 Na5 15. Nxa5 Qxa5
16. Bxg7 Kxg7 17. Qd4 Qg5+ 18. Kb1 Qxg2 19. Rdg1 Qh3 20. e5 dxe5 21. Qxe5 Qe6 22.
Qxe6 Bxe6 23. Ne4 Bf5 24. Bd3 Nxe4 25. fxe4 Bd7 26. b3 f5 27. Re1 f4 28. Rhf1 Bg4
29. Rf2 Rc5 30. e5 Rc6 31. Be4 Rc3 32. Bxb7 Re3 33. Rg1 Bh5 34. Bxa6 Rxe5  1/2-1/2

[Event "British Chess Championships 2023: PM Tournament U1450"]
[Site "The Venue, De Montfort University, 20 Western Boulevard, Leicester, LE2 7BU"]
[Date "2023.07.26"]
[Round "3"]
[Board "2"]
[White "Finlay, Liam"]
[Black "Hodges, John"]
[Result "1-0"]
[WhiteElo "1256"]
[BlackElo "1352"]
[PlyCount "32"]
[EventDate "2023.07.24"]
[EventRounds "6"]
[EventCountry "ENG"]

1. e4 b6 2. d4 Bb7 3. Nc3 e6 4. Nf3 Bb4 5. Bd2 Bxc3 6. Bxc3 Bxe4 7. d5 Bxf3 8. Qxf3
Nf6 9. dxe6 c6 10. exf7+ Kxf7 11. O-O-O Re8 12. g4 Kg8 13. g5 Nd5 14. Rxd5 Qe7 15.
Re5 Qf8 16. Qxf8+ Rxf8  1-0

[Event "British Chess Championships 2023: PM Tournament U1450"]
[Site "The Venue, De Montfort University, 20 Western Boulevard, Leicester, LE2 7BU"]
[Date "2023.07.26"]
[Round "3"]
[Board "3"]
[White "Belur, Ashwin"]
[Black "Dunne, David C"]
[Result "0-1"]
[WhiteElo "992"]
[BlackElo "1448"]
[PlyCount "48"]
[EventDate "2023.07.24"]
[EventRounds "6"]
[EventCountry "ENG"]

1. e4 g6 2. d3 Bg7 3. Nd2 d6 4. Be2 Nf6 5. Ngf3 c5 6. c3 O-O 7. O-O Nbd7 8. a4 Nh5
9. Nc4 Nb6 10. Nxb6 axb6 11. Be3 e5 12. d4 Nf4 13. Bxf4 exf4 14. Qd2 g5 15. g3 Bh3
16. Rfb1 Re8 17. Bd3 Qf6 18. e5 dxe5 19. dxe5 Qc6 20. Bf1 Bxf1 21. Kxf1 Qxf3 22.
b4 Qh1+ 23. Ke2 Rxe5+ 24. Kd3 Qe4#  0-1

[Event "British Chess Championships 2023: PM Tournament U1450"]
[Site "The Venue, De Montfort University, 20 Western Boulevard, Leicester, LE2 7BU"]
[Date "2023.07.26"]
[Round "3"]
[Board "4"]
[White "Miles, Barry S"]
[Black "Walker, Heather Enid"]
[Result "1-0"]
[WhiteElo "1407"]
[BlackElo "1213"]
[PlyCount "79"]
[EventDate "2023.07.24"]
[EventRounds "6"]
[EventCountry "ENG"]

1. d4 Nf6 2. c4 g6 3. Nc3 d5 4. Nf3 Bg7 5. e3 Nc6 6. Bd3 O-O 7. a3 Re8 8. O-O e5
9. dxe5 Nxe5 10. Nxe5 Rxe5 11. Be2 c6 12. cxd5 Nxd5 13. e4 Bf6 14. exd5 cxd5 15.
f4 Re8 16. Nxd5 Bg7 17. Nc3 Qb6+ 18. Kh1 Be6 19. Rf3 Rad8 20. Rd3 Bf6 21. Rxd8 Rxd8
22. Qf1 a6 23. Qf3 Qc7 24. Be3 Bxc3 25. Rc1 Bd5 26. Qf1 Qa5 27. Rxc3 Be6 28. h3 Re8
29. b4 Qd5 30. Bc4 Qe4 31. Bxe6 Qxe6 32. Qd3 b5 33. Bc5 Qe1+ 34. Kh2 Qh4 35. Qd2
Rd8 36. Qf2 Qf6 37. Qe3 Qc6 38. Bd4 Qa8 39. Qe5 Rd5 40. Qg7#  1-0

[Event "British Chess Championships 2023: PM Tournament U1450"]
[Site "The Venue, De Montfort University, 20 Western Boulevard, Leicester, LE2 7BU"]
[Date "2023.07.26"]
[Round "3"]
[Board "5"]
[White "Walsh, Shaun"]
[Black "Brown, Stephanie"]
[Result "0-1"]
[WhiteElo "1323"]
[BlackElo "1406"]
[PlyCount "48"]
[EventDate "2023.07.24"]
[EventRounds "6"]
[EventCountry "ENG"]

1. e4 e6 2. d4 d5 3. Nd2 Nf6 4. e5 Nfd7 5. Ngf3 c5 6. c3 Nc6 7. Bd3 g6 8. O-O Bg7
9. Re1 O-O 10. Bb5 cxd4 11. Bxc6 bxc6 12. cxd4 Qb6 13. Nb3 f6 14. exf6 Nxf6 15. Ng5
Ne4 16. Nxe4 dxe4 17. Rxe4 e5 18. Be3 Qc7 19. dxe5 Bxe5 20. Qe2 Bxh2+ 21. Kf1 Bf5
22. Qc4+ Qf7 23. Qxf7+ Rxf7 24. Rc4 Bd3+  0-1

[Event "British Chess Championships 2023: PM Tournament U1450"]
[Site "The Venue, De Montfort University, 20 Western Boulevard, Leicester, LE2 7BU"]
[Date "2023.07.26"]
[Round "3"]
[Board "6"]
[White "Fong, Po-Yu"]
[Black "Revitt, Ian"]
[Result "0-1"]
[WhiteElo "1066"]
[BlackElo "1417"]
[PlyCount "80"]
[EventDate "2023.07.24"]
[EventRounds "6"]
[EventCountry "ENG"]

1. Nf3 Nc6 2. d4 d5 3. Bf4 Bf5 4. e3 a6 5. h3 Nb4 6. Na3 e6 7. Nh4 Qxh4 8. Bxc7 Rc8
9. Bg3 Qd8 10. Qd2 Nc6 11. Bd3 Bxd3 12. Qxd3 Nf6 13. Bh4 Be7 14. f3 O-O 15. c3 Nh5
16. Bf2 Bh4 17. Rf1 Bxf2+ 18. Rxf2 f5 19. O-O-O Ng3 20. Re1 Nh5 21. Rh1 e5 22. g4
e4 23. fxe4 dxe4 24. Qc4+ Kh8 25. gxh5 Ne5 26. Qe6 Nd3+ 27. Kd2 Nxf2 28. Rh2 Nd3
29. Rg2 Qh4 30. h6 g6 31. d5 Qf6 32. Qd7 Qf7 33. Qd6 Rcd8 34. Qg3 Rxd5 35. h4 Nf4+
36. Ke1 Nxg2+ 37. Qxg2 Rfd8 38. Qe2 Qe7 39. Qf2 Rd1+ 40. Ke2 R8d2#  0-1

[Event "British Chess Championships 2023: PM Tournament U1450"]
[Site "The Venue, De Montfort University, 20 Western Boulevard, Leicester, LE2 7BU"]
[Date "2023.07.27"]
[Round "4"]
[Board "1"]
[White "Vyas, Rayaan"]
[Black "Finlay, Liam"]
[Result "1-0"]
[WhiteElo "1213"]
[BlackElo "1256"]
[PlyCount "37"]
[EventDate "2023.07.24"]
[EventRounds "6"]
[EventCountry "ENG"]

1. e4 c5 2. c3 d5 3. exd5 Qxd5 4. Nf3 g6 5. Na3 Bg7 6. d4 cxd4 7. Nb5 Na6 8. Nbxd4
e5 9. Qb3 Qe4+ 10. Ne2 Be6 11. Ng5 Qxe2+ 12. Bxe2 Bxb3 13. axb3 Nc7 14. Bf3 Kf8 15.
Bxb7 Rb8 16. Rxa7 Nb5 17. Ra8 Rxa8 18. Bxa8 Bh6 19. O-O  1-0

[Event "British Chess Championships 2023: PM Tournament U1450"]
[Site "The Venue, De Montfort University, 20 Western Boulevard, Leicester, LE2 7BU"]
[Date "2023.07.27"]
[Round "4"]
[Board "2"]
[White "Singh, Avyanna"]
[Black "Kelly, Martin"]
[Result "1-0"]
[WhiteElo "1246"]
[BlackElo "1429"]
[PlyCount "67"]
[EventDate "2023.07.24"]
[EventRounds "6"]
[EventCountry "ENG"]

1. e4 e5 2. Nf3 Nc6 3. d4 exd4 4. Nxd4 Bc5 5. Be3 Qf6 6. c3 Nxd4 7. Bxd4 Bxd4 8.
cxd4 d6 9. Nc3 c6 10. Be2 Ne7 11. O-O O-O 12. Qd2 Ng6 13. f4 Rd8 14. Rad1 b5 15.
a3 a5 16. f5 Nf8 17. Qf4 Re8 18. Bg4 b4 19. Na4 Ba6 20. Rfe1 Bb5 21. b3 Ne6 22. Qxd6
Rad8 23. Qg3 Nxd4 24. e5 Qe7 25. f6 Qf8 26. Qf2 Nxb3 27. Qb2 Bxa4 28. Rxd8 Rxd8 29.
e6 bxa3 30. Qa2 Qc5+ 31. Kh1 Rd2 32. e7 h6 33. e8=Q+ Kh7 34. Qb1+  1-0

[Event "British Chess Championships 2023: PM Tournament U1450"]
[Site "The Venue, De Montfort University, 20 Western Boulevard, Leicester, LE2 7BU"]
[Date "2023.07.27"]
[Round "4"]
[Board "3"]
[White "Brown, Stephanie"]
[Black "Miles, Barry S"]
[Result "0-1"]
[WhiteElo "1406"]
[BlackElo "1407"]
[PlyCount "80"]
[EventDate "2023.07.24"]
[EventRounds "6"]
[EventCountry "ENG"]

1. d4 d5 2. c4 e6 3. Nf3 Nf6 4. Nc3 Bd6 5. cxd5 Nxd5 6. e4 Nxc3 7. bxc3 O-O 8. e5
Be7 9. Bd3 c5 10. O-O Nc6 11. Be4 Qc7 12. Qc2 h6 13. Bf4 Rb8 14. d5 exd5 15. Bxd5
Be6 16. Bxe6 fxe6 17. Qg6 Rxf4 18. Qxe6+ Kh8 19. Rad1 Rd8 20. Rd2 Rxd2 21. Nxd2 Qxe5
22. Qc8+ Nd8 23. Qd7 Kh7 24. Nf3 Qe6 25. Qxe6 Nxe6 26. Re1 Rf6 27. Nd2 Kg8 28. Nc4
Kf8 29. Ne5 Ke8 30. Ng4 Rf4 31. h3 Nc7 32. Ne5 Nd5 33. c4 Nf6 34. f3 Ng8 35. g3 Rd4
36. f4 Kd8 37. Rb1 Kc7 38. Rb2 Bf6 39. Nf7 Rd1+ 40. Kg2 Bxb2  0-1

[Event "British Chess Championships 2023: PM Tournament U1450"]
[Site "The Venue, De Montfort University, 20 Western Boulevard, Leicester, LE2 7BU"]
[Date "2023.07.27"]
[Round "4"]
[Board "5"]
[White "Revitt, Ian"]
[Black "Belur, Ashwin"]
[Result "1/2-1/2"]
[WhiteElo "1417"]
[BlackElo "992"]
[PlyCount "66"]
[EventDate "2023.07.24"]
[EventRounds "6"]
[EventCountry "ENG"]

1. e4 e5 2. Bc4 Be7 3. Nf3 d6 4. d3 Nd7 5. a3 Ngf6 6. h3 b6 7. Ng5 O-O 8. Be3 Rb8
9. Nc3 c6 10. O-O Bb7 11. Bd2 b5 12. Ba2 Nb6 13. f4 a5 14. Ne2 Nh5 15. Nf3 exf4 16.
Nxf4 Nxf4 17. Bxf4 Bf6 18. e5 dxe5 19. Bxe5 Bxe5 20. Nxe5 Qd4+ 21. Kh1 Qxe5 22. Re1
Qxb2 23. Qd2 Qf6 24. Qxa5 Na4 25. Qd2 Qd6 26. Rg1 Rbe8 27. Rge1 Rxe1+ 28. Qxe1 Qd8
29. Bb3 Nc5 30. Ba2 Re8 31. Qf2 Re7 32. Qxc5 Qe8 33. Qc3 Re2  1/2-1/2

[Event "British Chess Championships 2023: PM Tournament U1450"]
[Site "The Venue, De Montfort University, 20 Western Boulevard, Leicester, LE2 7BU"]
[Date "2023.07.27"]
[Round "4"]
[Board "6"]
[White "Walker, Heather Enid"]
[Black "Cox, R David"]
[Result "1-0"]
[WhiteElo "1213"]
[BlackElo "1319"]
[PlyCount "81"]
[EventDate "2023.07.24"]
[EventRounds "6"]
[EventCountry "ENG"]

1. Nf3 f5 2. g3 Nf6 3. Nc3 d6 4. d4 e6 5. Bg2 Be7 6. O-O O-O 7. Re1 Qe8 8. e4 fxe4
9. Nxe4 Nxe4 10. Rxe4 Qf7 11. Qd3 Bf6 12. Bd2 Nc6 13. Rae1 d5 14. Rf4 h6 15. b3 Qd7
16. Bh3 Re8 17. Qg6 Qf7 18. Rxf6 Qxf6 19. Qxe8+ Kh7 20. Qh5 Bd7 21. Ng5+ Kh8 22.
Nf7+ Kg8 23. Ne5 Be8 24. Qe2 Nxd4 25. Qd3 c5 26. c4 Rd8 27. b4 b6 28. bxc5 dxc4 29.
Qc3 Bb5 30. cxb6 axb6 31. Bf4 g5 32. Ng4 Qg6 33. Be5 Nc6 34. Nf6+ Kf8 35. Bxe6 Rd3
36. Qb2 Nxe5 37. Qxe5 Ba4 38. Bf5 Qf7 39. Bxd3 cxd3 40. Qd6+ Kg7 41. Re7  1-0